Discursos leídos ante la Real Academia de la Historia en la pública recepción de Don Francisco Javier de Salas [el día 1 de marzo de 1868] (Record no. 164402)

MARC details
000 -LEADER
campo de control de longitud fija 01224nam a2200241 i 4500
001 - NÚMERO DE CONTROL
campo de control 164402
003 - IDENTIFICADOR DE NÚMERO DE CONTROL
campo de control ES-MaACL
005 - FECHA Y HORA DE LA ÚLTIMA TRANSACCIÓN
campo de control 20251122063134.0
008 - DATOS DE LONGITUD FIJA--INFORMACIÓN GENERAL
campo de control de longitud fija 951113s1868 sp b |||| | spa d
100 1# - ENTRADA PRINCIPAL--NOMBRE DE PERSONA
Nombre de persona Salas, Francisco Javier de,
Fechas asociadas al nombre 1832-1890
9 (RLIN) 151213
245 10 - MENCIÓN DEL TÍTULO
Título Discursos leídos ante la Real Academia de la Historia en la pública recepción de Don Francisco Javier de Salas [el día 1 de marzo de 1868]
Resto del título : [Tema: expediciones marítimas de Pedro I de Castilla y de Pedro III de Aragón].
260 ## - PUBLICACIÓN, DISTRIBUCIÓN, ETC.
Lugar de publicación, distribución, etc. Madrid :
Nombre del editor, distribuidor, etc. [s.n.],
Fecha de publicación, distribución, etc. 1868 (
Fabricante Imp. de T. Fortanet)
300 ## - DESCRIPCIÓN FÍSICA
Extensión 200 p., [1] h. de mapa pleg. ;
Dimensiones 26 cm.
500 ## - NOTA GENERAL
Nota general Apéndices: p. 65-127; p. 179-200.
505 8# - NOTA DE CONTENIDO CON FORMATO
Nota de contenido con formato Contiene : Contestación por... Aureliano Fernández-Guerra y Orbe
594 ## - Nota al título y mención de responsabilidad
Nota al título y mención de responsabilidad Fecha de área de tít. tomada de la cub.
599 ## - NOTA A LAS ILUSTRACIONES
NOTA A LAS ILUSTRACIONES La h. de mapa: "M. Ferreiro lo construyó y grabó, A. Olarte grabó la letra"
651 #4 - PUNTO DE ACCESO ADICIONAL DE MATERIA--NOMBRE GEOGRÁFICO
Nombre geográfico Castilla (Reino)-
Subdivisión general Historia naval.
9 (RLIN) 150770
651 #4 - PUNTO DE ACCESO ADICIONAL DE MATERIA--NOMBRE GEOGRÁFICO
Nombre geográfico Aragón (Reino)-
Subdivisión general Historia naval.
9 (RLIN) 151214
700 1# - ENTRADA AGREGADA--NOMBRE PERSONAL
Nombre de persona Fernández-Guerra y Orbe, Aureliano.
9 (RLIN) 49837
852 ## - LOCALIZACIÓN
Ubicación ES-MaACL
Número de control de estantería FM-III-G (4)
Nota libre -- Enc. hol., falto de la enc. original
condición física -- Enc. en un vol. facticio
Holdings
Estatus retirado Estado de pérdida Estado de daño No para préstamo Colección Biblioteca de origen Biblioteca actual Ubicación en estantería Fecha de adquisición Fuente de adquisición Total de préstamos Signatura topográfica completa Código de barras Visto por última vez Precio de reemplazo Tipo de ítem Koha
        Libros del s. XIX Biblioteca del Ateneo de Madrid Biblioteca del Ateneo de Madrid Administración 17/01/2008     FM-III-G (4) 1172320 23/02/2023 23/02/2023 Libro impreso antiguo